Proceso administrativo para las organizaciones del siglo XXI
Salvato in:
| Autori principali: | , |
|---|---|
| Natura: | Libro |
| Lingua: | spagnolo |
| Pubblicazione: |
Ciudad de México
Pearson Educación
2008
|
| Edizione: | 1a. ed |
| Soggetti: | |
| Tags: |
Aggiungi Tag
Nessun Tag, puoi essere il primo ad aggiungerne!!
|
MARC
| LEADER | 00000nam a2200000 a 4500 | ||
|---|---|---|---|
| 001 | UCH0390 | ||
| 003 | CL-VaPUC | ||
| 008 | 090312e20080000MX |||||||||||||||||spa|d | ||
| 020 | |a 9789702615620 | ||
| 082 | 0 | 4 | |a 658 |b BER |2 21 |
| 100 | 0 | |a Bernal Torres, César Augusto |e author |9 534561 | |
| 700 | 0 | |a Sierra Arango, Hernán Darío |e author |9 534562 | |
| 245 | 1 | 0 | |a Proceso administrativo para las organizaciones del siglo XXI |
| 250 | |a 1a. ed | ||
| 300 | |a 232 p | ||
| 942 | |c BK | ||
| 945 | |d 20090312 00:00:00 |a rbrito | ||
| 260 | |a Ciudad de México |b Pearson Educación |c 2008 | ||
| 650 | 0 | |a Gestión administrativa |9 375217 | |
| 650 | 0 | |a Administración |9 259325 | |
| 650 | 7 | |a PLANIFICACION |2 CL-VaPUC |9 260802 | |
| 650 | 7 | |a DISEÑO ORGANIZACIONAL |2 CL-VaPUC |9 410550 | |
| 650 | 0 | |a Planificación estratégica |9 259735 | |
| 650 | 0 | |a Liderazgo |9 271835 | |
| 650 | 0 | |a Gestión de control |9 525312 | |
| 583 | |a last modification |c 20130105 01:08:20 |k Rodrigo Vera | ||
| 999 | |c 332720 |d 332718 | ||
| 952 | |0 0 |1 0 |4 0 |6 658_000000000000000_BER_2008 |7 0 |8 A |9 420616 |a BIBENE |b BIBENE |d 2019-11-22 |i 4515560 |o 658 BER 2008 |p 4515560 |r 2025-01-15 |w 2019-11-22 |y BK |k ICO | ||